000 00364 a2200109 4500
001 ART_10140
005 20260410161848.0
008 260409a
245 1 0 _aProgreso tecnológico y rendimientos crecientes en el sector manufacturero argentino
100 1 _aMontuschi, Luisa
773 0 _tEconómica
_g- Año XV, Nº 1 (ene./abr. 1969)
_wREV7541
999 _c24707
_d24707